000
00333 a2200145 4500
001
50105
040
_c
Anchieta - Bela Vista
100
_a
Anchietinha Itaigara
240
1
0
_a
As peripécias de Lindinha
_l
por
245
1
0
_a
As peripécias de Lindinha
300
_a
26
362
0
_a
2017
650
4
_a
Literatura juvenil
942
_c
BK
999
_c
50105
_d
50105